Reconnaîssez vous ces maires français en activité ? - Statistiques

Statistiques générales
  • Ce quiz a été pris 166 fois
    46 depuis la dernière actualisation
  • Le résultat moyen est 16 sur 24
Statistiques - réponses
Par images Hint Réponse % Correct
Horizons - Le Havre Edouard Philippe
100%
UDR - Nice Éric Ciotti
100%
Les Républicains - Paris 7ème Rachida Dati
100%
Parti Socialiste - Paris Emmanuel Grégoire
96%
Parti Communiste Français - Saint Amand les Eaux Fabien Roussel
96%
Debout la France - Yerres Nicolas Dupont-Aignan
93%
Parti Socialiste - Marseille Benoît Payan
87%
La France Insoumise - Saint Denis Bally Bagayoko
80%
Divers Droite - Béziers Robert Ménard
76%
Divers Droite - Cannes David Lisnard
73%
Rassemblement National - Perpignan Louis Aliot
73%
Les Républicains - Meaux Jean François Copé
71%
La France Insoumise - Roubaix David Guiraud
67%
Europe Écologie Les Verts - Lyon Grégory Doucet
67%
Divers Gauche - Paris 12ème Lucie Castets
67%
Parti Socialiste - Le Mans Stéphane Le Foll
53%
Les Républicains - Toulouse Jean Luc Moudenc
51%
Les Républicains - Troyes François Baroin
49%
UDI - Chamalières Louis Giscard D'Estaing
42%
Divers Centre - Biarritz Serge Blanco
42%
Horizons - Angers Christophe Béchu
40%
Renaissance - Bordeaux Thomas Cazenave
29%
Les Républicains - La Garenne-Colombes Philippe Juvin
22%
Les Républicains - Le Cannet Michèle Tabarot
20%
Aucun quiz correspondant
Distribution des résultats
% des personnes avec chaque résultat
Percentile par nombre de réponses
Votre historique - résultats
Vous n’avez pas pris ce quiz depuis la dernière actualisation